00829cam a2200253 a 45000010009000000050017000090080041000260100017000670200030000840200027001140200036001410400018001770410008001950800016002030820020002191000006002391010008002452450082002535040051003359060045003869420012004319990017004439520115004601521420920180314081839.0080311s2008 paua b 001 0 eng  a 2008010908 a9781605299594 (hardcover) a1605299596 (hardcover) a9781605295626 (trade paperback) aDLCcDLCdDLC aeng a613.25 vac00a613.25 vac222 a4 ashm00aFlat belly diet! :cby Liz Vaccariello, editor-in-chief ; with Cynthia Sass. aIncludes bibliographical references and index. a7bcbccorignewd1eecipf20gy-gencatlg 2ddccBK c45011d45011 00102udc40708PËKGa002b002cPËKGd2018-03-14l0o613.25 vacp002-3001731r2018-03-14w2018-03-14yBK